Variability in the sorghum anthracnose fungus Colletotrichum graminicola in Brazil and USA (Record no. 72090)

MARC details
000 -LEADER
fixed length control field 00454nam a2200121Ia 4500
100 ## - MAIN ENTRY--AUTHOR NAME
Personal name Casela C R
245 #0 - TITLE STATEMENT
Title Variability in the sorghum anthracnose fungus Colletotrichum graminicola in Brazil and USA
260 ## - PUBLICATION, DISTRIBUTION, ETC. (IMPRINT)
Name of publisher In: Durability of disease resistance (Eds. T. Jacob and J.E. Parlevliet). Netherlands, Kluwer Academic, 1993, pp. 310
Year of publication 1993
650 ## - SUBJECT ADDED ENTRY--TOPICAL TERM
Topical Term RFLP
700 ## - ADDED ENTRY--PERSONAL NAME
Personal name Frederiksen R A
942 ## - ADDED ENTRY ELEMENTS (KOHA)
Koha item type Journals
Holdings
Withdrawn status Lost status Damaged status Not for loan Home library Current library Shelving location Date acquired Koha item type
      Journals RRII Library RRII Library RFLP 17/12/2021 Journals